[Event "34th Chess Olympiad (men)"]
[Site "Istanbul"]
[Date "2000.10.31"]
[Round "4.53.1"]
[White "Nsubuga, Grace"]
[Black "Rowe, Peter"]
[WhiteElo "2259"]
[BlackElo "2092"]
[WhiteCountry "UGA"]
[BlackCountry "GCI"]
[Result "1-0"]

1. e4 Nc6 2. Nf3 d6 3. d4 Nf6 4. Nc3 g6 5. Be2 Bg7 6. O-O O-O 7. Re1 Bg4 
8. Be3 a6 9. h3 Bxf3 10. Bxf3 e5 11. d5 Ne7 12. Qd2 Nd7 13. g3 f5 14. Bg2 Nc5 
15. f3 Qd7 16. a4 b5 17. b4 Nxa4 18. Nxa4 bxa4 19. c4 f4 20. gxf4 exf4 
21. Bd4 Bxd4+ 22. Qxd4 a5 23. b5 Nc8 24. e5 Qg7 25. c5 Rf5 26. Rxa4 Ne7 
27. exd6 Nxd5 28. Qxg7+ Kxg7 29. dxc7 Nxc7 30. Re7+ Rf7 31. Rxf7+ Kxf7 
32. Rxf4+ Ke6 33. b6 a4 34. bxc7 a3 35. Ra4 Rxa4 36. c8Q+ Ke7 37. Qc7+ Kf8 
38. Qd8+ 
1-0

[Event "34th Chess Olympiad (men)"]
[Site "Istanbul"]
[Date "2000.10.31"]
[Round "4.53.2"]
[White "Cutter, Paul"]
[Black "Kakooza, Kenneth"]
[WhiteElo "2122"]
[BlackElo "2200"]
[WhiteCountry "GCI"]
[BlackCountry "UGA"]
[Result "1/2-1/2"]

1. e4 c5 2. c3 d5 3. exd5 Qxd5 4. d4 Nc6 5. Nf3 cxd4 6. cxd4 e5 7. Nc3 Bb4 
8. Bd2 Bxc3 9. Bxc3 e4 10. Ne5 Nxe5 11. dxe5 Ne7 12. Qxd5 Nxd5 13. Bb5+ Bd7 
14. Bxd7+ Kxd7 15. O-O-O Ke6 16. Rhe1 Rac8 17. Rxe4 Nxc3 18. bxc3 Rxc3+ 
19. Kb2 Rhc8 20. Re2 R3c6 21. f4 Rb6+ 22. Ka1 Rc4 23. g3 h5 24. Red2 Rcc6 
25. Rb1 g6 26. Rxb6 Rxb6 27. a3 f6 28. exf6 Kxf6 29. Ka2 Re6 30. Rd7 Re2+ 
31. Kb3 Rxh2 32. Rxb7 Rg2 33. Rxa7 Rxg3+ 34. Kc2 Rf3 35. a4 h4 36. a5 Rxf4 
37. a6 Kg5 38. Rh7 Ra4 39. a7 Kg4 40. Rg7 g5 41. Rb7 Ra6 42. Kd1 h3 43. Ke1 Kg3 
44. Rb3+ Kg2 45. Rb2+ Kg1 46. Rb4 Ra1+ 47. Ke2 Ra2+ 48. Ke1 Ra1+ 49. Ke2 Rxa7 
50. Rg4+ Kh1 51. Rxg5 Ra2+ 52. Kf1 Rg2 53. Rf5 Kh2 54. Rf3 Rc2 55. Rf2+ 
1/2-1/2

[Event "34th Chess Olympiad (men)"]
[Site "Istanbul"]
[Date "2000.10.31"]
[Round "4.53.3"]
[White "Kantinti, Shadrack"]
[Black "Cummins, John"]
[WhiteElo "2000"]
[BlackElo "2000"]
[WhiteCountry "UGA"]
[BlackCountry "GCI"]
[Result "1-0"]

1. e4 c5 2. Nf3 Nc6 3. Nc3 d6 4. d4 cxd4 5. Nxd4 Nf6 6. f3 a6 7. Be3 g6 
8. Bc4 Bg7 9. Qd2 Na5 10. Bb3 Nxb3 11. axb3 Bd7 12. g4 Rc8 13. h4 Bc6 
14. h5 Qc7 15. Bh6 Bxh6 16. Qxh6 Kd7 17. O-O-O Qa5 18. Qe3 gxh5 19. g5 Ne8 
20. Rxh5 Ng7 21. Rh6 Ne6 22. Nf5 Qe5 23. Kb1 Qf4 24. Rxe6 
1-0

[Event "34th Chess Olympiad (men)"]
[Site "Istanbul"]
[Date "2000.10.31"]
[Round "4.53.4"]
[White "Manzanilla, Ernesto"]
[Black "Kawuma, Stevan"]
[WhiteElo "2155"]
[BlackElo "2020"]
[WhiteCountry "GCI"]
[BlackCountry "UGA"]
[Result "0-1"]

1. e4 c5 2. Nf3 Nc6 3. d4 cxd4 4. c3 d3 5. c4 d6 6. Bxd3 g6 7. Nc3 Bg7 
8. O-O a6 9. Qe2 Bg4 10. h3 Nd4 11. Qd1 Nxf3+ 12. gxf3 Bxh3 13. Re1 Nf6 
14. Bf4 Nh5 15. Bh2 Rc8 16. f4 Be6 17. Qe2 O-O 18. Rad1 Nf6 19. f5 Bd7 
20. Bb1 gxf5 21. exf5 Re8 22. Ne4 Qa5 23. Ng3 b5 24. b3 bxc4 25. bxc4 Qc5 
26. Bd3 Rb8 27. Rb1 Rxb1 28. Rxb1 Bc6 29. Nh5 Nxh5 30. Qxh5 Bd4 31. Bg3 Bf6 
32. Kf1 Qd4 33. Qe2 Kh8 34. Qe3 Qg4 35. Ke1 Bc3+ 36. Kf1 Bf3 37. Qh6 Bf6 
0-1

[Event "34th Chess Olympiad (men)"]
[Site "Istanbul"]
[Date "2000.10.31"]
[Round "4.54.1"]
[White "Sosa, Luis"]
[Black "Luga, Allan"]
[WhiteElo "2166"]
[BlackElo "2000"]
[WhiteCountry "PUR"]
[BlackCountry "PNG"]
[Result "1-0"]

1. d4 d5 2. Nf3 Nf6 3. e3 e6 4. Bd3 Bd6 5. Nbd2 O-O 6. O-O Nc6 7. b3 Nb4 
8. Be2 a6 9. Bb2 b5 10. Ne5 Bb7 11. a3 Nc6 12. Bd3 Re8 13. f4 Ne7 14. Qf3 Rf8 
15. g4 Bxe5 16. dxe5 Nd7 17. Qh3 Ng6 18. Nf3 Nc5 19. f5 exf5 20. gxf5 Ne7 
21. f6 Ng6 22. Bf5 Ne4 23. Rad1 Bc8 24. e6 Bxe6 
1-0

[Event "34th Chess Olympiad (men)"]
[Site "Istanbul"]
[Date "2000.10.31"]
[Round "4.54.2"]
[White "Press, Shaun"]
[Black "Santa, Torres Juan"]
[WhiteElo "2000"]
[BlackElo "2226"]
[WhiteCountry "PNG"]
[BlackCountry "PUR"]
[Result "0-1"]

1. e4 c5 2. Nf3 e6 3. d4 cxd4 4. Nxd4 a6 5. Nc3 b5 6. Bd3 Qb6 7. Nb3 Bb7 
8. Be3 Qc7 9. O-O Nf6 10. f3 Be7 11. Qe2 d6 12. Rae1 O-O 13. f4 b4 14. Na4 Nbd7 
15. Nd2 Bc6 16. b3 Qb7 17. Bd4 e5 18. Ba1 exf4 19. Rxf4 Ne5 20. Nb2 Nfd7 
21. Nbc4 Bb5 22. Rf5 g6 23. Nxe5 dxe5 24. Rf3 Bc5+ 25. Kh1 Rfe8 26. Ref1 Re7 
27. Bc4 Rf8 28. Qe1 Nb6 29. Bxb5 axb5 30. Qh4 Qc6 31. Rh3 f6 32. Nf3 Nd7 
33. Rd1 Ref7 34. Qe1 Ra8 35. Nh4 Nf8 36. Nf3 Nd7 37. Nh4 Nf8 38. Nf3 Re7 
39. Qh4 Rd7 40. Rf1 Qe6 41. Qe1 Rxa2 42. Qe2 Rda7 43. Bxe5 fxe5 44. Qxb5 Ra1 
45. Ng5 Qa6 
0-1

[Event "34th Chess Olympiad (men)"]
[Site "Istanbul"]
[Date "2000.10.31"]
[Round "4.54.3"]
[White "Santa, Luis A"]
[Black "Albis, Jeppers"]
[WhiteElo "2201"]
[BlackElo "2000"]
[WhiteCountry "PUR"]
[BlackCountry "PNG"]
[Result "1-0"]

1. d4 f5 2. Bg5 h6 3. Bh4 g5 4. Bg3 Bg7 5. e3 h5 6. h4 g4 7. Nc3 Nf6 8. Bd3 e6 
9. e4 fxe4 10. Nxe4 Nxe4 11. Bxe4 d5 12. Bg6+ Kd7 13. Ne2 Qf6 14. Bd3 Nc6 
15. c3 b6 16. Qa4 Bb7 17. Nf4 a6 18. Ng6 b5 19. Qc2 Rhe8 20. a4 e5 21. Bf5+ Kd8 
22. Nxe5 Bc8 23. Bxc8 Nxe5 24. dxe5 Rxc8 25. O-O Qh6 26. Rfe1 Re6 27. axb5 axb5 
28. Qd3 c6 29. Qd4 Bf8 30. Ra7 Be7 31. Rea1 Ke8 32. Rb7 Qg6 33. Qd2 Qf5 
34. Rba7 Qe4 35. Re1 Qf5 36. b4 Rd8 37. Qd4 Qc2 38. Kh2 Qf5 39. Re2 Rc8 
40. Rea2 Qe4 41. Qb6 Qc4 42. Ra8 Kf7 43. Rxc8 Qxa2 44. Qb8 Kg6 45. Rh8 Kf5 
46. Qg8 d4 47. Qh7+ Rg6 48. Qxh5+ Rg5 49. hxg5 dxc3 50. Qh7+ Kxg5 51. Qh5# 
1-0

[Event "34th Chess Olympiad (men)"]
[Site "Istanbul"]
[Date "2000.10.31"]
[Round "4.54.4"]
[White "Marko, Helmut"]
[Black "Montalvo, Alejandro"]
[WhiteElo "2205"]
[BlackElo "2222"]
[WhiteCountry "PNG"]
[BlackCountry "PUR"]
[Result "0-1"]

1. e4 c6 2. d4 d5 3. exd5 cxd5 4. c4 Nf6 5. c5 g6 6. Nc3 Bg7 7. Bb5+ Nc6 
8. Nge2 O-O 9. Rb1 Bf5 10. Bd3 Ne4 11. Be3 e5 12. Bxe4 Bxe4 13. Nxe4 dxe4 
14. d5 Nb4 15. O-O Nxd5 16. Qb3 Nxe3 17. Qxe3 Qd3 18. Rfd1 Qxe3 19. fxe3 Rfd8 
20. Nc3 f5 21. Nd5 Kf7 22. Kf2 Rd7 23. Ke2 Rad8 24. Nb4 Rxd1 25. Rxd1 Rxd1 
26. Kxd1 Ke6 27. Kd2 Bf8 28. Nc2 Bxc5 29. b4 Bb6 30. g3 f4 31. g4 Bxe3+ 
32. Nxe3 fxe3+ 33. Kxe3 g5 34. Kxe4 b5 35. a3 a6 36. h3 h6 37. Ke3 Kd5 
38. Kd3 e4+ 39. Ke3 Ke5 40. Ke2 Kd4 41. Kd2 e3+ 42. Ke2 Ke4 
0-1

[Event "34th Chess Olympiad (men)"]
[Site "Istanbul"]
[Date "2000.10.31"]
[Round "4.55.1"]
[White "Smith, Louis"]
[Black "Hashim, Hasnul"]
[WhiteElo "2178"]
[BlackElo "2000"]
[WhiteCountry "AHO"]
[BlackCountry "BRU"]
[Result "1-0"]

1. e4 e5 2. Nf3 Nf6 3. d3 Nc6 4. Nc3 d5 5. exd5 Nxd5 6. Nxd5 Qxd5 7. Be2 Be7 
8. O-O Bg4 9. h3 Bh5 10. Re1 O-O-O 11. Nxe5 Bxe2 12. Nxc6 Qxc6 13. Qxe2 Rhe8 
14. Be3 Kb8 15. c3 Bf6 16. d4 g6 17. Qd2 Bg7 18. Bh6 Bh8 19. Bf4 h5 
20. Rxe8 Rxe8 21. Re1 f6 22. d5 Qd7 23. Rxe8+ Qxe8 24. d6 cxd6 25. Qxd6+ Ka8 
26. a4 f5 27. Be3 Be5 28. Qc5 Bb8 29. Qd4 g5 30. f4 g4 31. hxg4 hxg4 32. g3 Qc6 
33. a5 Qf3 34. Bf2 Qe2 35. b4 Qb2 36. Kg2 Qe2 37. c4 a6 38. Kg1 Qc2 39. Kh2 Qe2 
40. Qc5 Qb2 41. b5 Qh8+ 42. Kg2 Qc3 43. bxa6 Qf3+ 44. Kg1 bxa6 45. Qxf5 
1-0

[Event "34th Chess Olympiad (men)"]
[Site "Istanbul"]
[Date "2000.10.31"]
[Round "4.55.2"]
[White "Tun, Yap"]
[Black "Neumann, Han H W M"]
[WhiteElo "2000"]
[BlackElo "2228"]
[WhiteCountry "BRU"]
[BlackCountry "AHO"]
[Result "0-1"]

1. d4 Nf6 2. e3 g6 3. Nf3 Bg7 4. Bd3 d6 5. h3 O-O 6. Nbd2 Nc6 7. c3 e5 
8. O-O Re8 9. e4 Nh5 10. d5 Ne7 11. Re1 Nf4 12. Nf1 Nxd3 13. Qxd3 f5 
14. Bg5 Rf8 15. N3d2 Qe8 16. f3 h6 17. Bh4 Qf7 18. Rad1 g5 19. Bg3 g4 
20. fxg4 fxg4 21. hxg4 Bxg4 22. Ra1 Ng6 23. Nh2 Bd7 24. Ndf3 Rae8 25. Rf1 Nf4 
26. Qc2 Qg6 27. Bxf4 Rxf4 28. Rae1 h5 29. Kh1 h4 30. Qe2 Re7 31. Ng1 Ref7 
32. Rf3 Rxf3 33. Nhxf3 Bh6 34. Nxh4 Qg3 35. Ngf3 Rf4 36. Nf5 Bxf5 37. exf5 Rxf5 
38. Kg1 Rxf3 39. Qxf3 Qxe1+ 40. Kh2 Qh4+ 41. Kg1 Bf4 42. Kf1 Kg7 43. Ke2 Qg3 
44. Qe4 Qg4+ 45. Kf2 Bg3+ 46. Ke3 Bf2+ 47. Kd3 Qd1+ 48. Kc4 Qa4+ 49. Kd3 Qxe4+ 
50. Kxe4 Kf6 51. Kf3 Be1 52. Kg4 b5 53. Kf3 Kf5 54. Ke2 Bh4 55. b3 Ke4 
56. Kd2 Kxd5 57. Ke3 Bg5+ 58. Kd3 e4+ 59. Ke2 a5 60. Kd1 b4 61. Kc2 bxc3 
62. Kxc3 Ke5 63. a4 d5 64. b4 axb4+ 65. Kxb4 e3 
0-1

[Event "34th Chess Olympiad (men)"]
[Site "Istanbul"]
[Date "2000.10.31"]
[Round "4.55.3"]
[White "Wolf, Rudsel"]
[Black "Yusof, Abdul"]
[WhiteElo "2000"]
[BlackElo "2000"]
[WhiteCountry "AHO"]
[BlackCountry "BRU"]
[Result "1/2-1/2"]

1. e4 e5 2. Nf3 Nc6 3. Bc4 Be7 4. d4 exd4 5. Nxd4 Nf6 6. Nc3 O-O 7. O-O Ne5 
8. Bb3 a6 9. Be3 b5 10. Nf5 d6 11. Nxe7+ Qxe7 12. Bg5 c6 13. f4 Neg4 14. Qf3 b4 
15. Bxf6 Nxf6 16. e5 dxe5 17. fxe5 Ng4 18. Ne4 Nxe5 19. Qg3 Kh8 20. Rae1 f6 
21. Ng5 Bd7 22. Nxh7 Qc5+ 23. Kh1 Kxh7 24. Qh4+ Kg6 25. Qe4+ Kh6 26. Qh4+ Kg6 
27. Qe4+ Kh6 28. Qh4+ Kg6 29. Qe4+ f5 30. Qxe5 Qxe5 31. Rxe5 Rfe8 32. Rfe1 Rxe5 
33. Rxe5 Re8 34. Rxe8 Bxe8 35. Bc4 a5 36. Kg1 Kf6 37. Kf2 Ke5 38. g3 g5 
39. h4 gxh4 40. gxh4 Kf4 41. Be2 Bf7 42. a3 c5 43. axb4 cxb4 44. b3 Bd5 
45. Bd3 Kg4 46. h5 Kg5 47. h6 Bg8 48. Ke3 Bh7 49. Kd4 Kxh6 50. Ke5 Kg5 
51. Kd5 Bg8+ 52. Kc5 Kf4 53. Kb5 Bd5 54. Bxf5 Ke5 
1/2-1/2

[Event "34th Chess Olympiad (men)"]
[Site "Istanbul"]
[Date "2000.10.31"]
[Round "4.55.4"]
[White "Dollah, Zaidi"]
[Black "Maduro, Sherman"]
[WhiteElo "2000"]
[BlackElo "2230"]
[WhiteCountry "BRU"]
[BlackCountry "AHO"]
[Result "0-1"]

1. d4 d5 2. c4 e6 3. Nc3 Nf6 4. Bg5 c6 5. e3 Be7 6. Nf3 Nbd7 7. a3 O-O 
8. Qc2 b6 9. h3 Bb7 10. Bd3 h6 11. Bf4 Rc8 12. Ne5 c5 13. Qe2 a6 14. cxd5 cxd4 
15. exd4 Nxd5 16. Nxd5 exd5 17. Bxa6 Bxa6 18. Qxa6 Nxe5 19. Bxe5 Ra8 
20. Qb5 Ra5 21. Qb3 Bf6 22. O-O Bxe5 23. dxe5 d4 24. f4 d3 25. Rf3 Qd4+ 
26. Kf1 Rd5 27. Rd1 Rfd8 28. Rd2 b5 29. Qc3 Qe4 30. Kf2 Rd4 31. b3 h5 
32. h4 Qf5 33. g3 Qh3 34. Qc1 Rc8 35. Qd1 Rc2 36. Rxd3 Rxd3 37. Qxc2 Qxg3+ 
38. Kf1 Qf3+ 39. Ke1 Qh1+ 40. Ke2 Qf3+ 41. Ke1 Qe3+ 42. Kf1 Qxd2 43. Qc8+ Rd8 
44. Qc5 Qxf4+ 45. Qf2 Rd1+ 46. Kg2 Rd2 
0-1

[Event "34th Chess Olympiad (men)"]
[Site "Istanbul"]
[Date "2000.10.31"]
[Round "4.56.1"]
[White "Molla, Mekitew"]
[Black "Gwaze, Robert"]
[WhiteElo "2000"]
[BlackElo "2256"]
[WhiteCountry "ETH"]
[BlackCountry "ZIM"]
[Result "0-1"]

1. d4 Nf6 2. c4 e6 3. Nc3 Bb4 4. Qc2 O-O 5. Nf3 b6 6. a3 Bxc3+ 7. Qxc3 Ne4 
8. Qc2 f5 9. e3 Bb7 10. Bd3 d6 11. O-O Rf6 12. Nd2 Rh6 13. Bxe4 fxe4 
14. Rd1 Qh4 15. Nf1 Nd7 16. Bd2 Nf6 17. Be1 Qg5 18. b4 Ng4 19. Qe2 Nxh2 
20. Nxh2 Qh4 21. f4 Qxh2+ 22. Kf1 Qh1+ 23. Kf2 Rg6 24. Qf1 Qh2 25. Bd2 Rf8 
26. Qg1 Rxf4+ 27. exf4 Rxg2+ 28. Qxg2 e3+ 29. Ke1 Qxg2 30. Bxe3 Bf3 
31. Bf2 Bxd1 32. Rxd1 Qf3 33. c5 Qxa3 34. cxd6 Qxb4+ 35. Kf1 Qc4+ 36. Kg1 cxd6 
0-1

[Event "34th Chess Olympiad (men)"]
[Site "Istanbul"]
[Date "2000.10.31"]
[Round "4.56.2"]
[White "Mauwa, Tedmore"]
[Black "Alemu, Fikreselassie"]
[WhiteElo "2190"]
[BlackElo "2000"]
[WhiteCountry "ZIM"]
[BlackCountry "ETH"]
[Result "1-0"]

1. e4 c5 2. Nf3 d6 3. d4 cxd4 4. Nxd4 Nf6 5. Nc3 a6 6. Be3 e6 7. f3 Be7 
8. Qd2 b5 9. Bd3 Bb7 10. g4 Nc6 11. Nxc6 Bxc6 12. O-O-O d5 13. g5 d4 
14. gxf6 dxe3 15. Qxe3 gxf6 16. Bxb5 Qc7 17. Bxc6+ Qxc6 18. Rd3 h6 19. f4 Bc5 
20. Qe2 Rb8 21. Nd5 Be7 22. Nxe7 Kxe7 23. Rhd1 Rb7 24. e5 Rhb8 25. exf6+ Kxf6 
26. Qe5+ Ke7 27. f5 f6 28. Qg3 Rxb2 29. Rd7+ 
1-0

[Event "34th Chess Olympiad (men)"]
[Site "Istanbul"]
[Date "2000.10.31"]
[Round "4.56.3"]
[White "Haile Giorgis, Shewaseged"]
[Black "Mamombe, Kudzanai"]
[WhiteElo "2000"]
[BlackElo "2147"]
[WhiteCountry "ETH"]
[BlackCountry "ZIM"]
[Result "0-1"]

1. e4 c5 2. Nf3 Nc6 3. d4 cxd4 4. Nxd4 Nf6 5. Nc3 e5 6. Ndb5 d6 7. Bg5 a6 
8. Na3 b5 9. Nd5 Be7 10. Bxf6 Bxf6 11. c3 O-O 12. Nc2 Bg5 13. a4 bxa4 
14. Rxa4 Rb8 15. b4 Ne7 16. Bxa6 Nxd5 17. Qxd5 Be6 18. Qd3 d5 19. O-O dxe4 
20. Qxe4 Qc7 21. c4 f5 22. Qe2 Rfd8 23. f4 Bf6 24. b5 e4 25. Kh1 Rd3 
26. Nb4 Qxc4 27. Nxd3 Qxa4 28. Nc5 Qc4 29. Qxc4 Bxc4 30. Rb1 Bd4 31. Nd7 Rd8 
32. Ne5 Bxe5 33. fxe5 e3 34. Kg1 e2 35. Re1 Kf7 36. Kf2 Ke6 37. Bb7 Bxb5 
38. Bf3 Kxe5 39. Bxe2 Rd2 40. Ke3 Rxe2+ 41. Rxe2 Bxe2 42. Kxe2 Kf4 43. Kf2 g5 
44. h3 h5 45. g3+ Ke4 46. Ke2 f4 47. gxf4 Kxf4 48. Kf2 h4 49. Kg2 Ke3 
50. Kg1 Kf3 51. Kh2 Kf2 52. Kh1 Kg3 53. Kg1 Kxh3 54. Kh1 Kg3 55. Kg1 g4 
0-1

[Event "34th Chess Olympiad (men)"]
[Site "Istanbul"]
[Date "2000.10.31"]
[Round "4.56.4"]
[White "Mangwengwende, John"]
[Black "Wondimu, Dawit"]
[WhiteElo "2170"]
[BlackElo "2000"]
[WhiteCountry "ZIM"]
[BlackCountry "ETH"]
[Result "1-0"]

1. e4 c5 2. Nf3 e6 3. d4 cxd4 4. Nxd4 Nf6 5. Bd3 a6 6. O-O d6 7. c4 Be7 
8. Nc3 Nc6 9. Nc2 O-O 10. Be3 Qc7 11. f4 b6 12. Qe2 Re8 13. Rac1 Nd7 
14. Nd4 Nxd4 15. Bxd4 Bb7 16. Kh1 Bf8 17. e5 dxe5 18. fxe5 g6 19. Be4 Bg7 
20. Qf3 Nc5 21. Bxc5 Bxe4 22. Nxe4 bxc5 23. Nf6+ Bxf6 24. exf6 Rad8 25. Qe3 Qd6 
26. a3 e5 27. Rc2 Qd3 28. Qxd3 Rxd3 29. g4 h6 30. Kg2 Kh7 31. h4 Rd4 
32. Kg3 Rd3+ 33. Rf3 Rd4 34. g5 h5 35. Re3 Kg8 36. b3 Rg4+ 37. Kh3 Rd4 
38. Rce2 e4 39. Kg3 Re5 40. Rc2 Kf8 41. b4 Ke8 42. b5 axb5 43. cxb5 Kd7 
44. Rec3 Rd3+ 45. Kf4 Re6 46. a4 c4 47. b6 e3 48. Rxc4 Rxb6 49. Re4 Re6 
50. Rcc4 Rxe4+ 51. Rxe4 Ra3 52. Re7+ Kd6 53. Rxf7 Rxa4+ 54. Kxe3 Rxh4 
55. Rg7 Rh1 56. Rxg6 Ke6 57. Rg7 Rg1 58. f7 Rf1 59. g6 Ke7 60. Rg8 Kd6 61. Ke4 
1-0

[Event "34th Chess Olympiad (men)"]
[Site "Istanbul"]
[Date "2000.10.31"]
[Round "4.57.1"]
[White "Ndlovu, Ignatious"]
[Black "Frick, Renato"]
[WhiteElo "2000"]
[BlackElo "2156"]
[WhiteCountry "BOT"]
[BlackCountry "LIE"]
[Result "0-1"]

1. c4 Nf6 2. Nc3 g6 3. g3 Bg7 4. Bg2 O-O 5. Nf3 d6 6. O-O c6 7. d4 Bf5 
8. Nh4 Be6 9. d5 cxd5 10. cxd5 Bd7 11. Qb3 Qb6 12. Qc2 Rc8 13. Be3 Qa5 
14. Qd3 Ng4 15. Bd4 Ne5 16. Bxe5 Bxe5 17. Rfc1 Na6 18. Nf3 Nb4 19. Qd2 Bxc3 
20. Rxc3 Rxc3 21. Qxc3 Rc8 22. Qd2 Rc2 23. Qh6 Nxd5 24. b4 Qxb4 25. Ne1 Qd2 
26. Qh4 Rc1 27. Rxc1 Qxc1 28. Kf1 Qd1 29. Qc4 Bc6 30. Qd3 Qxd3 31. Nxd3 Nc3 
32. Nc1 Bxg2+ 33. Kxg2 e5 34. Kf3 f5 35. Ke3 Nd1+ 36. Kf3 Kf7 37. Nb3 Nc3 
38. a3 Ke6 39. Na5 b6 40. Nb3 Nb5 41. a4 Nd4+ 42. Nxd4+ exd4 43. Kf4 a6 
44. e4 dxe3ep 45. Kxe3 Kd5 46. Kd3 b5 
0-1

[Event "34th Chess Olympiad (men)"]
[Site "Istanbul"]
[Date "2000.10.31"]
[Round "4.57.2"]
[White "Elkuch, Harald"]
[Black "Samuel, Boipuso"]
[WhiteElo "2126"]
[BlackElo "2117"]
[WhiteCountry "LIE"]
[BlackCountry "BOT"]
[Result "0-1"]

1. e4 c5 2. Nf3 Nc6 3. d4 cxd4 4. Nxd4 g6 5. Nxc6 bxc6 6. Qd4 Nf6 7. e5 Ng8 
8. e6 Nf6 9. exf7+ Kxf7 10. Nc3 Qb6 11. Qh4 Ba6 12. Na4 Qa5+ 13. Bd2 Qe5+ 
14. Be3 Bxf1 15. Kxf1 Qb5+ 16. Kg1 h6 17. b3 g5 18. Qg3 Bg7 19. Rd1 Qf5 
20. Rd3 e5 21. h4 g4 22. Nc5 d5 23. h5 Rhc8 24. Nb7 Ne4 25. Qh2 d4 
26. Bxd4 exd4 27. f3 g3 28. Qh4 Kg8 29. Rh3 Re8 30. Rxg3 Nxg3 31. Qxg3 Qe5 
32. Qg4 Qc7 33. Nc5 Re1+ 34. Kf2 Qe5 35. Ne4 Rc1 36. Rd2 Rf8 37. Re2 d3 
38. cxd3 Qd4+ 39. Kg3 Kh8 40. Qg6 
0-1

[Event "34th Chess Olympiad (men)"]
[Site "Istanbul"]
[Date "2000.10.31"]
[Round "4.57.3"]
[White "Pitlagano, Tebogo"]
[Black "Mannhart, Marcel"]
[WhiteElo "2000"]
[BlackElo "2061"]
[WhiteCountry "BOT"]
[BlackCountry "LIE"]
[Result "0-1"]

1. e4 g6 2. d4 Bg7 3. Nc3 c6 4. Nf3 d6 5. Be2 e6 6. O-O Nh6 7. h3 O-O 8. Be3 f6 
9. Qd2 Nf7 10. d5 cxd5 11. exd5 e5 12. Ne1 f5 13. f3 Nd7 14. Nd3 Nf6 
15. Bf2 Bd7 16. a4 Qc8 17. Kh2 Bh6 18. f4 Ne4 19. Qe1 Nxc3 20. bxc3 e4 
21. Nb4 Bxf4+ 22. g3 Be5 23. Ra3 Qd8 24. Kg2 Qg5 25. Bb5 Bc8 26. h4 Qe7 
27. a5 a6 28. Ba4 Kh8 29. Bd4 Rg8 30. Ra1 g5 31. h5 Bxd4 32. cxd4 f4 33. c4 f3+ 
34. Kf2 Nh6 35. Qc3 Bh3 36. Bd1 Bxf1 37. Kxf1 Qd7 38. Ke1 Rae8 39. Ba4 Qh3 
40. Bxe8 Qxg3+ 41. Kd1 Rxe8 42. Qe3 Nf5 43. Qc1 f2 44. Kd2 e3+ 45. Kc2 e2 
0-1

[Event "34th Chess Olympiad (men)"]
[Site "Istanbul"]
[Date "2000.10.31"]
[Round "4.57.4"]
[White "Mundle, Kurt"]
[Black "Kealeboga, Baone"]
[WhiteElo "2000"]
[BlackElo "2000"]
[WhiteCountry "LIE"]
[BlackCountry "BOT"]
[Result "1/2-1/2"]

1. d4 Nf6 2. Nf3 e6 3. c4 b6 4. Nc3 Bb4 5. Bd2 Bb7 6. a3 Bxc3 7. Bxc3 Ne4 
8. Qc2 O-O 9. Bb4 c5 10. dxc5 bxc5 11. Bc3 d5 12. e3 Nd7 13. Bd3 Nxc3 
14. bxc3 h6 15. cxd5 exd5 16. O-O c4 17. Be2 Nc5 18. Nd4 Qa5 19. Rfb1 a6 
20. Rb4 Rab8 21. a4 Ba8 22. Rab1 Qc7 23. h3 
1/2-1/2

[Event "34th Chess Olympiad (men)"]
[Site "Istanbul"]
[Date "2000.10.31"]
[Round "4.58.1"]
[White "Carrera, Alhan"]
[Black "Allen, Daryl"]
[WhiteElo "2135"]
[BlackElo "2000"]
[WhiteCountry "PAN"]
[BlackCountry "ISV"]
[Result "1-0"]

1. c4 e5 2. Nc3 Nf6 3. e4 Bc5 4. Be2 Nc6 5. d3 Nd4 6. Be3 Nxe2 7. Qxe2 Bxe3 
8. Qxe3 d6 9. Nge2 Bd7 10. b4 O-O 11. O-O Ng4 12. Qg3 f5 13. f4 fxe4 
14. Nxe4 exf4 15. Nxf4 Nf6 16. Ng5 Ng4 17. Nge6 Qe7 18. Nxf8 Qxf8 19. Nd5 Qd8 
20. Rae1 c6 21. Ne7+ Kh8 22. h3 Ne5 23. Qh4 h6 24. Re3 Kh7 25. Qe4+ Kh8 
26. Ng6+ Nxg6 27. Qxg6 Qb6 28. c5 Qxb4 29. Qxd6 Qd2 30. Re7 Bxh3 31. gxh3 Qg5+ 
32. Kh1 Qh4 33. Qd7 Qg3 34. Re8+ Rxe8 35. Qxe8+ Kh7 36. Qe4+ Kg8 37. Qe6+ Kh7 
38. Rf8 Qxd3 39. Qf5+ Qxf5 40. Rxf5 Kg6 41. Rf8 
1-0

[Event "34th Chess Olympiad (men)"]
[Site "Istanbul"]
[Date "2000.10.31"]
[Round "4.58.2"]
[White "Carty, Leo"]
[Black "Cedeno, Ahmed"]
[WhiteElo "2000"]
[BlackElo "2095"]
[WhiteCountry "ISV"]
[BlackCountry "PAN"]
[Result "0-1"]

1. d4 Nf6 2. Nf3 d5 3. e3 e6 4. Nbd2 c5 5. c4 Nc6 6. a3 cxd4 7. exd4 dxc4 
8. Nxc4 Be7 9. Be2 O-O 10. O-O b6 11. h3 Bb7 12. Bg5 Nd5 13. Bxe7 Qxe7 
14. Qd2 Rfd8 15. Rfd1 Rac8 16. Rac1 h6 17. b4 Qf6 18. Qb2 Nce7 19. Nce5 Nf4 
20. Bf1 Bxf3 21. Nxf3 Nxh3+ 22. gxh3 Qxf3 23. Rd3 Qf6 24. Rxc8 Rxc8 25. Qe2 Ng6 
26. Qf3 Nf4 27. Rd1 Rd8 28. Kh2 Rxd4 29. Rxd4 Qxd4 30. Kg3 Nd5 31. Bd3 Kf8 
32. Qe4 
0-1

[Event "34th Chess Olympiad (men)"]
[Site "Istanbul"]
[Date "2000.10.31"]
[Round "4.58.4"]
[White "Friedman, Brian"]
[Black "Carrillo, Jose"]
[WhiteElo "2000"]
[BlackElo "2000"]
[WhiteCountry "ISV"]
[BlackCountry "PAN"]
[Result "0-1"]

1. d4 d6 2. e4 Nf6 3. Nc3 g6 4. Nf3 Bg7 5. Bc4 c6 6. d5 b5 7. Bd3 b4 8. Ne2 c5 
9. b3 Nxe4 10. Bb2 Bxb2 11. Rb1 Bc3+ 12. Nxc3 Nxc3 13. Qc1 Nxb1 14. Qxb1 Ba6 
15. Bxa6 Nxa6 16. O-O Qd7 17. h3 Nc7 18. Re1 Nxd5 19. Qc1 Nc3 20. Re3 O-O-O 
21. Ng5 Qb5 22. Qf1 Qxf1+ 23. Kxf1 Rd7 24. Nxf7 Rf8 25. Ng5 h6 26. Nf3 Nxa2 
27. Re6 Rf6 28. Re3 a5 29. Nd2 d5 30. Re5 e6 31. f3 Nc3 32. Ke1 a4 
33. bxa4 Nxa4 34. Kf1 c4 35. Nb1 b3 36. cxb3 cxb3 37. Na3 b2 38. Re1 Rc7 
39. Rb1 Rc1+ 40. Kf2 Rxb1 41. Nxb1 e5 
0-1

[Event "34th Chess Olympiad (men)"]
[Site "Istanbul"]
[Date "2000.10.31"]
[Round "4.59.1"]
[White "Austin, Dirk"]
[Black "Ma, Ernesto"]
[WhiteElo "2000"]
[BlackElo "2200"]
[WhiteCountry "BAR"]
[BlackCountry "MAC"]
[Result "1/2-1/2"]

1. c4 e5 2. Nc3 Nf6 3. Nf3 Nc6 4. g3 g6 5. Bg2 Bg7 6. O-O O-O 7. Rb1 d6 
8. b4 Rb8 9. d3 h6 10. b5 Ne7 11. Qb3 b6 12. Qa4 Bb7 13. Ne1 Bg2 14. Ng2 Qc8 
15. Ne3 Qb7 16. Ba3 Kh7 17. Qb3 Qc8 18. f3 h5 19. Ned5 Nf5 20. Qd1 Nd4 
21. e3 Ne6 22. Ne4 Ng8 23. f4 f5 24. Nf2 Nh6 25. Nh3 Nf7 26. fe5 Ne5 
27. Qe2 Re8 28. Bb2 Qd7 29. Rbe1 Ra8 30. Qc2 a5 31. Nhf4 Ng5 32. Be5 de5 
33. Ne2 e4 34. de4 Ne4 35. Rd1 Qf7 36. Nd4 Bd4 37. Rd4 Qg7 38. Rfd1 Rad8 
39. Nf4 Rd4 40. Rd4 Qe5 41. Qb2 Kh6 42. Nd5 
1/2-1/2

[Event "34th Chess Olympiad (men)"]
[Site "Istanbul"]
[Date "2000.10.31"]
[Round "4.59.2"]
[White "Calangi, Zachary Alexander"]
[Black "Elson, Askari"]
[WhiteElo "2183"]
[BlackElo "2000"]
[WhiteCountry "MAC"]
[BlackCountry "BAR"]
[Result "0-1"]

1. e4 d5 2. ed5 Nf6 3. Nf3 Nd5 4. d4 Bf5 5. a3 e6 6. Be2 Be7 7. O-O O-O 
8. c4 Nb6 9. Nc3 c5 10. d5 Bf6 11. d6 a6 12. Bf4 Nc6 13. Be3 Nd7 14. Rc1 Bc3 
15. Rc3 e5 16. Bg5 f6 17. Qd5+ Kh8 18. Bc1 Re8 19. Qd2 Nd4 20. Nd4 ed4 
21. Rg3 Ne5 22. Qf4 Bg6 23. Qh4 Qd6 24. Bh5 Kg8 25. Bf4 Qd7 26. Be5 Re5 
27. Bg6 hg6 28. Rg6 Qf7 29. Qg3 Rae8 30. h4 Kh7 31. Rg4 Kh8 32. b3 b5 
33. cb5 ab5 34. Qd3 Qd7 35. Rf4 f5 36. Qd1 R8e6 37. b4 d3 38. bc5 d2 
39. Qh5+ Kg8 40. Rd1 Re1+ 41. Kh2 Rd1 42. Qd1 Re1 43. Qb3+ Kh8 44. c6 Qc7 
45. Kg3 d1Q 
0-1

[Event "34th Chess Olympiad (men)"]
[Site "Istanbul"]
[Date "2000.10.31"]
[Round "4.59.3"]
[White "Taitt, Junior"]
[Black "Fesalbon, Rolando"]
[WhiteElo "2000"]
[BlackElo "2000"]
[WhiteCountry "BAR"]
[BlackCountry "MAC"]
[Result "1-0"]

1. d4 c5 2. d5 d6 3. e4 Nf6 4. Bd3 a6 5. c4 g6 6. Nc3 Bg7 7. h3 Nbd7 8. Nf3 O-O 
9. O-O Ne8 10. Bf4 Ne5 11. Ne5 de5 12. Be3 b6 13. a3 Nd6 14. b4 Nb7 15. Rb1 Bd7 
16. Na4 Ba4 17. Qa4 Qd6 18. Rb2 f5 19. f3 Nd8 20. bc5 bc5 21. Rfb1 Qc7 
22. Rb6 f4 23. Bf2 Rf6 24. Qb3 Bf8 25. Be1 Rd6 26. Bc3 Rf6 27. Bb4 Qd7 
28. Bc2 Ra7 29. Rb8 Nf7 30. Rb2 Rb7 31. Rb7 Qb7 32. Bc5 Qc7 33. Bf2 e6 
34. Bb6 Bc5+ 35. Kh2 Bb6 36. Qb6 Qc4 37. Bb3 Qc8 38. de6 Kg7 39. Qa7 Re6 
40. Be6 Qe6 41. Rb6 Qa2 42. Ra6 Qe2 43. Rb6 Qe1 44. Rb2 Qg3+ 45. Kh1 Qe1+ 
46. Qg1 Kf6 47. a4 Nd6 48. Rb7 Nc4 49. Rb2 Qd2 50. Rb5 Kf7 51. a5 Kg7 
52. a6 Kh6 53. a7 Ne3 54. Rb2 Nc2 55. Rc2 
1-0